Bharatiya economic system (Record no. 395934)

MARC details
000 -LEADER
fixed length control field 00476 a2200181 4500
005 - DATE & TIME
control field 20260220115244.0
008 - FIXED-LENGTH DATA ELEMENTS--GENERAL INFORMATION
fixed length control field 260220b |||||||| |||| 00| 0 eng d
020 ## - ISBN
International Standard Book Number 9789348183255
Price Rs. 2195.00
040 ## - CATALOGING SOURCE
Original cataloging agency VIVEKANANDA LIBRARY
082 ## - DDC NUMBER
Classification number 330.954
Book Number A15B
100 ## - MAIN ENTRY--PERSONAL NAME
Personal name Agarwal, Mayank
245 ## - TITLE STATEMENT
Title Bharatiya economic system
260 ## - PUBLICATION, DISTRIBUTION, ETC. (IMPRINT)
Name of publisher, distributor, etc Cambridge Book House
Date of publication, distribution, etc 2025
Place of publication, distribution, etc Jaipur
300 ## - PHYSICAL DESCRIPTION
Pages 291
650 ## - Subject
Subject Economics Conditions
650 ## - Subject
Subject India- Economic Condition
942 ## - ADDED ENTRY ELEMENTS (KOHA)
Koha item type Books
Holdings
Withdrawn status Lost status Source of classification or shelving scheme Damaged status Not for loan Location (home branch) Sublocation or collection (holding branch) Shelving location Date acquired Koha issues (times borrowed) Koha full call number Accession No. Koha date last seen Koha item type
    Dewey Decimal Classification     VIVEKANANDA LIBRARY VIVEKANANDA LIBRARY Vivekananda Library 28/01/2026   330.954 A15B 444915 28/01/2026 Books
    Dewey Decimal Classification     VIVEKANANDA LIBRARY VIVEKANANDA LIBRARY Vivekananda Library 28/01/2026   330.954 A15B 444914 28/01/2026 Books
© Designed and Maintained by Vivekananda Library, MDU Rohtak